Library of the University of Algiers 3
Ibrahim Sultan Cheibout
شعار جامعة الجزائر 3
مكتبة جامعة الجزائر 3
إبراهيم سلطان شيبوط

قانون الاستثمارات في الجزائر / (رقم التسجيلة. 46275)

تفاصيل مارك
000 -LEADER
fixed length control field 01001nam a2200241Ia 4500
003 - CONTROL NUMBER IDENTIFIER
control field Ost
005 - DATE AND TIME OF LATEST TRANSACTION
control field 20260507075801.0
008 - FIXED-LENGTH DATA ELEMENTS--GENERAL INFORMATION
fixed length control field 260507s9999||||xx |||||||||||||| ||und||
020 ## - INTERNATIONAL STANDARD BOOK NUMBER
International Standard Book Number 996103195
040 ## - CATALOGING SOURCE
Transcribing agency fsecg
041 ## - LANGUAGE CODE
Language code of text/sound track or separate title ara
082 ## - DEWEY DECIMAL CLASSIFICATION NUMBER
Classification number 346.07
100 ## - MAIN ENTRY--PERSONAL NAME
Personal name عليوش، قربوع كمال
Relator term مؤلف
245 #0 - TITLE STATEMENT
Title قانون الاستثمارات في الجزائر /
Statement of responsibility, etc. قربوع كمال عليوش
260 ## - PUBLICATION, DISTRIBUTION, ETC.
Place of publication, distribution, etc. الجزائر :
Name of publisher, distributor, etc. ديوان المطبوعات الجامعية,
Date of publication, distribution, etc. 1999
300 ## - PHYSICAL DESCRIPTION
Extent 208 صفحة؛
Other physical details إيضاحات ؛
Dimensions 22 سم
504 ## - BIBLIOGRAPHY, ETC. NOTE
Bibliography, etc. note الملاحق ص.128 بيبليوغرافيا: ص ص195-197
520 ## - SUMMARY, ETC.
Summary, etc. يهتم بدراسة مفهوم الاستثمار وقانون ترقية الاستثمار ، الإتفاقيات المبرمة في مجال الاستثمارات.
653 ## - INDEX TERM--UNCONTROLLED
Uncontrolled term الاستثمارات
653 ## - INDEX TERM--UNCONTROLLED
Uncontrolled term القانون التجاري
653 ## - INDEX TERM--UNCONTROLLED
Uncontrolled term القانون التجاري- الجزائر
942 ## - ADDED ENTRY ELEMENTS (KOHA)
Koha item type كتب
المقتنيات
Withdrawn status Lost status Source of classification or shelving scheme Damaged status Not for loan Home library Current library Date acquired Serial enumeration / chronology Inventory number Total checkouts Full call number Barcode Date last seen Price effective from Koha item type
    Library of Congress Classification   NOT LOAN / إعارة داخلية مكتبة كلية العلوم الإقتصادية والعلوم التجارية وعلوم التسيير مكتبة كلية العلوم الإقتصادية والعلوم التجارية وعلوم التسيير 07/05/2026 الطابق الأرضي 025.21/526   480/025.21ن01 025.21/526 07/05/2026 07/05/2026 كتب

موارد الويب المفتوحة


© University of Algiers 3 All Rights Reserved
|
Implemented by LECHELAH Riad